Les attaquants en 2023 (photo) - Statistiques

Statistiques générales
  • Ce quiz a été pris 162 fois
  • Le résultat moyen est 28 sur 30
Statistiques - réponses
Par images Réponse % Correct
Antoine Griezmann
99%
Christiano Ronaldo
99%
Kylian Mbappé
99%
Lionel Messi
99%
Neymar
99%
Olivier Giroud
99%
Sadio Mané
99%
Erling Haaland
98%
Harry Kane
98%
Mohamed Salah
98%
Vinicius
98%
Heung-Min Son
97%
Karim Benzema
97%
Luis Suarez
97%
Robert Lewandowski
96%
Romelu Lukaku
96%
Menphis Depay
95%
Paulo Dybala
95%
Bernardo Silva
94%
Bukayo Saka
93%
Jack Grealish
92%
Riyad Mahrez
92%
Lautaro Martinez
90%
Randal Kolo Muani
90%
Rodrygo
90%
Raheem Sterling
88%
Ciro Immobile
86%
Darwin Nùnez
83%
Victor Osimhen
83%
Kai Havertz
80%
Aucun quiz correspondant
Distribution des résultats
% des personnes avec chaque résultat
Percentile par nombre de réponses
Votre historique - résultats
Vous n’avez pas pris ce quiz